Contemporary Indian theatre (Record no. 829)

MARC details
000 -LEADER
fixed length control field 01577 a2200313 4500
008 - FIXED-LENGTH DATA ELEMENTS--GENERAL INFORMATION
fixed length control field 080821t xxu||||| |||| 00| 0 eng d
010 ## - LIBRARY OF CONGRESS CONTROL NUMBER
LC control number ENG-84979
020 ## - INTERNATIONAL STANDARD BOOK NUMBER
Terms of availability 740.00
International Standard Book Number 8178710978
035 ## - SYSTEM CONTROL NUMBER
System control number ENG-68512
037 ## - SOURCE OF ACQUISITION
Source of stock number/acquisition D.B.Act / Pub
082 ## - DEWEY DECIMAL CLASSIFICATION NUMBER
Classification number 792.0954
245 ## - TITLE STATEMENT
Title Contemporary Indian theatre
Remainder of title interviews with playwrights and directors.
Statement of responsibility, etc edited by Rajender Paul
246 ## - VARYING FORM OF TITLE
Title proper/short title Indian theatre
260 ## - PUBLICATION, DISTRIBUTION, ETC. (IMPRINT)
Place of publication, distribution, etc New Delhi
Name of publisher, distributor, etc Sangeet Natak Akademi,
Date of publication, distribution, etc 2006 (rpr)
260 ## - PUBLICATION, DISTRIBUTION, ETC. (IMPRINT)
Place of publication, distribution, etc New Delhi
Name of publisher, distributor, etc Hope India Publications
Date of publication, distribution, etc 2006 (rpr)
270 ## - ADDRESS
Address Rabindra Bhavan, 35, Ferozshah Road, New Delhi
City Delhi
State or province Delhi
Postal code 110001
Telephone number 23387246
Fax number 23282659
Electronic mail address sangeetnatak@bol.net.in
270 ## - ADDRESS
Address 85, Sector, 23, Gurgaon,
City Gurgaon,
State or province Haryana
Postal code 122017
Telephone number 0124-2367308
Electronic mail address info@hopeindiapublications.com
300 ## - PHYSICAL DESCRIPTION
Extent 192 p.
Other physical details ill., ports. ;
Dimensions 27 cm. (Hb)
500 ## - GENERAL NOTE
General note "Nehru Shatabdi Natya Samaroh, 1989, New Delhi"--T.p. verso.
520 ## - SUMMARY, ETC.
Summary, etc This book puts together views of twenty-six playwrights and directors whose work was featured in the unique retrospective' of Indian theater, the Nehru Shatabdi Natya Samaroh in 1989.
650 ## - SUBJECT ADDED ENTRY--TOPICAL TERM
Topical term or geographic name as entry element Theater
Geographic subdivision India.
650 ## - SUBJECT ADDED ENTRY--TOPICAL TERM
Topical term or geographic name as entry element Dramatists
Geographic subdivision India
General subdivision Interviews.
650 ## - SUBJECT ADDED ENTRY--TOPICAL TERM
Topical term or geographic name as entry element Theatrical producers and directors
Geographic subdivision India
General subdivision Interviews.
650 ## - SUBJECT ADDED ENTRY--TOPICAL TERM
Topical term or geographic name as entry element Playwriting.
700 ## - ADDED ENTRY--PERSONAL NAME
Personal name Paul, Rajender
710 ## - ADDED ENTRY--CORPORATE NAME
Corporate name or jurisdiction name as entry element Sangeet Natak Akademi.
942 ## - ADDED ENTRY ELEMENTS (KOHA)
Institution code [OBSOLETE] dpl
Koha item type English Books
Call number prefix 792.0954 / CON
Source of classification or shelving scheme Dewey Decimal Classification
Classification part 792.0954
Call number suffix CON
Holdings
Withdrawn status Lost status Damaged status Not for loan Home library Current library Date acquired Cost, normal purchase price Total Checkouts Full call number Barcode Date last seen Copy number Uniform Resource Identifier Cost, replacement price Price effective from Koha item type
        D.B.Act.Division D.B.Act.Division 21/08/2008 740.00   792.0954 CON EN-68512 15/09/2008 1 811 740.00 15/09/2008 English Books

© Delhi Public Library
Hit Counter
free hit counter